Musik Allgemeinwissen Quiz #2 - Statistiken

Allgemein
  • Dieses Quiz wurde 366 mal gespielt
    365 seit der letzten Aktualisierung
  • Das Durchschnittsergebnis liegt bei 10 aus 20
Antwortstatistiken
Frage Antwort % Korrekt
Zu welcher Art der Instrumente gehört die Violine? Streichinstrumente
93%
Wofür steht das "E" bei der E-Gitarre? Elektro
92%
Führen Sie den Vers weiter: "Aber scheiß' drauf..." Malle ist nur einmal im Jahr
75%
Aus welchem Land kommt die Heavy-Metal-Band Lordi, die 2006 mit ihrem Song "Hard Rock Hallelujah" den ESC gewann? Finnland
71%
Zu welcher deutschen Punkband gehören Bela B und Farin Urlaub? Die Ärzte
68%
Von wem stammen Hits wie "Houdini", "Cleaning Out My Closet" und "Without Me"? Eminem
68%
John, Ringo und George... Welcher Beatle fehlt noch? Paul
67%
Wofür steht die Abkürzung "DJ"? Discjockey
62%
Welchen Song von Nina Hagen hat sich Angela Merkel zum Großen Zapfenstreich gewünscht? Du hast den Farbfilm vergessen
51%
Welche Band schrieb Songs wie "Miami", "Beautiful Day" und "With or Without You"? U2
51%
Welcher britische Rockmusiker war vor seiner Solokarriere der Leadsänger der Heavy-Metal-Band Black Sabbath? Ozzy Osbourne
48%
Von welchem Musiker stammen Lieder wie "Du bist das Letzte", "Was wäre wenn" und "Egal"? Michael Wendler
46%
Welcher deutsche Rapper hat spanische und marokkanische Wurzeln, wuchs in Düsseldorf auf und hat ein eigenes Label namens "Banger Musik"? Farid Bang
41%
In welchem Land fand der ESC bisher am öftesten statt? (Tipp: zuletzt 2023) Vereinigtes Königreich
33%
Von welchem Schlagersänger stammen berühmte Songs wie "Wenn die Wunderkerzen brennen", "Ich bau dir ein Schloss" und "Wieder alles im Griff"? Jürgen Drews
30%
Unter welchem Pseudonym veröffentlichte die Komikerin Mirja Boes im Jahr 2000 das Lied "20 Zentimeter!?"? (Tipp: eine Gemüsesorte) Möhre
25%
Wie heißt das seit 1998 bei Gräfenhainichen und ehemals am Stausee Oberrabenstein bei Chemnitz veranstaltete Hip-Hop-Festival? splash!
22%
Welcher US-Rapper heißt bürgerlich Dwayne Michael Carter, Jr. und wird oft auch "Weezy" genannt? Lil Wayne
18%
Wie nennt man die Gesangsart, bei der bloße Lautsilben in schnellem, kunstvollen Wechsel von Brust- und Kopfstimme gesungen werden? Jodeln
17%
Welches Musikprojekt eines berühmten deutschen Produzenten, das zwischen 1987 und 1998 Hits wie "Love Me on the Rocks", "It's All Over" und "Under My Skin" hatte? Blue System
3%
Keine übereinstimmenden Quizze gefunden
Verteilung der Resultate
Anzahl Personen mit jedem Resultat
Perzentil nach korrekt beantworteten Fragen
Ihre Resultats-Entwicklung
Sie haben dieses Quiz seit der letzten Aktualisierung nicht gespielt